Bác Hồ chúc tết /

محفوظ في:
التفاصيل البيبلوغرافية
المؤلف الرئيسي: Đinh Thu Xuân
التنسيق: مقال
اللغة:Vietnamese
الموضوعات:
الوسوم: إضافة وسم
لا توجد وسوم, كن أول من يضع وسما على هذه التسجيلة!
Thư viện lưu trữ: Thư viện Trường Đại học Đà Lạt
LEADER 00810nam a2200301 4500
001 DLU040000061
040 # # |a DLU  |b vie 
041 # # |a vie 
044 # # |a vn 
100 # # |a Đinh Thu Xuân 
245 # # |a Bác Hồ chúc tết /  |c Đinh Thu Xuân 
600 # # |a Hồ Chí Minh 
653 # # |a Phong tục tập quán 
653 # # |a Tết nguyên đáng 
653 # # |a Tư tưởng 
653 # # |a Thơ ca 
653 # # |a Văn học 
773 # # |a Tạp chí Khoa học Xã hội  |g Số 2(66) - 2004, tr. 16 – 20 
920 # # |a Phòng Tạp chí -- Trung tâm Thông tin - Thư viện Trường Đại học Đà Lạt 
933 # # |a NV 
994 # # |a DLU 
900 # # |a True 
911 # # |a Nguyễn Năng Hải 
925 # # |a G 
926 # # |a A 
927 # # |a BB 
980 # # |a Thư viện Trường Đại học Đà Lạt